Съвременник на вековете (Запис номер 175485)
[ съкратено ]
| 000 -Лидер | |
|---|---|
| Контролно поле с фиксирана дължина | 01925nam a2200409 a 4500 |
| 003 - Код на организацията, давaща контролен номер | |
| Контролно поле | BLK |
| 005 - Дата и час на последна редакция | |
| Контролно поле | 20240322005329.0 |
| 008 - Елементи от данни с фиксирана дължина | |
| fixed length control field | 180411b bul|||||r ||||||| ||bul|| |
| 010 ## - Наследен системен номер | |
| LC control number | KNG00184055000 |
| 040 ## - Източник на каталожния запис | |
| Идентификатор на билиотеката - собственик на записа | BLK |
| 041 ## - Код за език | |
| Код за езика на текст/звукозапис или на отделно заглавие | Български |
| Код за езика КДБФ | Български |
| 080 ## - УДК | |
| Текстов определител УДК | Технически прогрес |
| УДК код - определител по УДК | 62.001.71 |
| УДК определител | (092) |
| УДК - код + определител | 62.001.71(092) |
| 080 ## - УДК | |
| Текстов определител УДК | Италиански архитект, изобретател, инженер, скулптор и художник от епохата на Ренесанса |
| УДК код - определител по УДК | 929 Леонардо да Винчи |
| УДК - код + определител | 929 Леонардо да Винчи |
| 100 1# - Редна дума - Автор | |
| Автор | Талев, Братислав Димитров |
| Авторска отговорност | първи автор |
| R(LIN) | 381949 |
| 139 ## - Редно поле | |
| Редна дума | Талев, Братислав Димитров |
| Авторски знак | Тал - Т 25 |
| 245 10 - Сведения за заглавието | |
| Заглавие | Съвременник на вековете |
| Подзаглавни данни | Леонардо да Винчи |
| Редно поле (дума) | Братислав Димитров Талев; худож. Димитър Новачков. |
| 257 ## - Страна на издаване | |
| Страна на създаване/издаване | България |
| 260 ## - Област на издателските данни | |
| Място на издаване, разпространение и проч. | София |
| Име на издателя, разпространителя и проч. | Нар. младеж |
| Година на издаване | 1980 |
| Печатница | София : ДП Балкан |
| 300 ## - Физическа характеристика | |
| Страници | 160 с. |
| Илюстрации и др. | с ил., сн. |
| Размери/Мащаб | 17Х24 см |
| 380 ## - Жанр | |
| Жанр | Техника |
| 500 ## - Общи забележки | |
| Забележка | Офс. изд. - 25 000 тир. - Идеите на Леонардо да Винчи и съвр. науч.-техн. развитие. |
| 600 14 - Име на лице, използвано като предмет | |
| За него / За нея | Леонардо да Винчи |
| 9 (RLIN) | 364024 |
| 650 #0 - Допълнително описание по предмет – тема | |
| Основно описание – тема или топоним | Технически прогрес |
| 9 (RLIN) | 260527 |
| 650 #4 - Допълнително описание по предмет – тема | |
| Основно описание – тема или топоним | Открития |
| 9 (RLIN) | 165335 |
| 650 #4 - Допълнително описание по предмет – тема | |
| Основно описание – тема или топоним | Леонардо да Винчи |
| 9 (RLIN) | 364024 |
| 653 ## - Ключова дума – ненормативна | |
| Ключова дума | Леонардо да Винчи |
| 653 ## - Ключова дума – ненормативна | |
| Ключова дума | технически прогрес |
| 653 ## - Ключова дума – ненормативна | |
| Ключова дума | открития |
| 700 1# - Други автори (авторска отговорност) | |
| Лично име | Новачков, Димитър |
| Автороска отговорност (Описва отношението между автора и произведението) | худож. |
| 9 (RLIN) | 383239 |
| 852 ## - Местоположение | |
| Форматна сигнатура | Цб І 18554 |
| Фондова буква | Хранилище |
| 856 4# - Електронен адрес и достъп | |
| Електронен формат | pdf - файл |
| 856 4# - Електронен адрес и достъп | |
| Електронен формат | pdf - файл |
| 942 ## - АРТИКУЛИ | |
| Вид на библиотечния материал | Книги |
| Скрит в OPAC | Не |
| 944 ## - СЪЗДАВАНЕ И РЕДАКЦИЯ на ЗАПИСА | |
| Създаване/Редакция | Създаване |
| Дата на регистрацията/редакция | 23.10.2015 |
| Служител, извършил регистрацията/редакцията | |
| Статус, дата на статуса | CRON CRON |
| 944 ## - СЪЗДАВАНЕ И РЕДАКЦИЯ на ЗАПИСА | |
| Създаване/Редакция | Редакция |
| Дата на регистрацията/редакция | 23.10.2015 |
| Служител, извършил регистрацията/редакцията | Елица_Владова |
| 999 ## - СИСТЕМНИ КОНТРОЛНИ НОМЕРА | |
| Koha biblionumber | 175485 |
| Koha biblioitemnumber | 175485 |
| 999 ## - СИСТЕМНИ КОНТРОЛНИ НОМЕРА | |
| Koha biblioitemnumber | 175485 |
| Код за отписване | Код за изгубен артикул | Източник на класификационната схема | Код за повреда | Коз за рестрикции | Код за отдаване | Артикулен № | Име на библиотеката - собственик | Име на библиотеката, в която се намира в момента | Статус (Текущо местоположение) | Дата на вписване в системата | Местоположение - отдел | Цена в лева | Инвентарен номер | Систематично азбучна сигнатура | Баркод | Номер на екземпляра | Цена в евро | Служебна бележка | Служебен тип на артикула |
|---|---|---|---|---|---|---|---|---|---|---|---|---|---|---|---|---|---|---|---|
| Не е изгубен | Universal Decimal Classification | Не е повреден | без рестрикции | ползва се в читалня | 301971 | Регионална библиотека "Любен Каравелов" Русе | Регионална библиотека "Любен Каравелов" Русе | Хранилище | 1980-01-01 | Хранилище | 1.29 | 317363 | Цб І 18554 | 120000317363 | 1 | 0.66 | N: стар фонд Дата: 01.01.1980 | Книги | |
| Изтеглен | Не е изгубен | Universal Decimal Classification | Не е повреден | без рестрикции | заемане за дома | 301972 | Регионална библиотека "Любен Каравелов" Русе | Регионална библиотека "Любен Каравелов" Русе | Заемна - подръчен фонд | 1980-01-01 | Заемна - подръчен фонд | 1.29 | 318392 | П 62.001.71(092)/Т 25 | 318392 | 2 | 0.66 | N: стар фонд Дата: 01.01.1980 | Книги |
| Не е изгубен | Universal Decimal Classification | Не е повреден | без рестрикции | заемане за дома | 301973 | Регионална библиотека "Любен Каравелов" Русе | Регионална библиотека "Любен Каравелов" Русе | Детски отдел | 1980-01-01 | Детски отдел | 1.29 | 318584 | ДН 62/Т 25 | 120000318584 | 3 | 0.66 | N: стар фонд Дата: 01.01.1980 Дата инв: 26.10.2015 Бележки инв: Д2015 | Книги |